|
|
|
|
| LEADER |
01228nam a2200301 a 4500 |
| 001 |
16351424 |
| 008 |
120419s2010 nyua 001 0 eng |
| 010 |
|
|
|a 2010028975
|
| 020 |
|
|
|a 9780071701396 (alk. paper)
|
| 020 |
|
|
|a 0071701397 (alk. paper)
|
| 040 |
|
|
|a DLC
|c DLC
|d YDX
|d UKM
|d BTCTA
|d YDXCP
|d DLC
|d BD-DhAAL
|
| 050 |
0 |
0 |
|a QA76.3
|b .H3684 2010
|
| 082 |
0 |
0 |
|a 005.8
|2 22
|
| 100 |
1 |
|
|a Harris, Shon.
|
| 245 |
1 |
0 |
|a CISSP practice exams /
|c Shon Harris.
|
| 260 |
|
|
|a New York :
|b McGraw-Hill,
|c c2010.
|
| 300 |
|
|
|a x, 404 p. :
|b ill. ;
|c 24 cm.
|
| 490 |
0 |
|
|a All-in-one
|
| 500 |
|
|
|a Includes index.
|
| 504 |
|
|
|a Includes bibliographical references and index.
|
| 541 |
|
|
|e 00025024
|
| 650 |
|
0 |
|a Electronic data processing personnel
|x Certification.
|
| 650 |
|
0 |
|a Telecommunications engineers
|x Certification.
|
| 650 |
|
0 |
|a Computer networks
|x Security measures
|x Examinations
|v Study guides.
|
| 650 |
|
0 |
|a Computer security
|x Examinations
|v Study guides.
|
| 852 |
1 |
|
|a Ayesha Abed Library
|c General shelf.
|
| 999 |
|
|
|c 12087
|d 12087
|
| 952 |
|
|
|0 0
|1 0
|2 ddc
|4 0
|6 005_800000000000000_HAR
|7 0
|9 20055
|a BRACUL
|b BRACUL
|c GEN
|d 2012-04-17
|e karim International
|g 2400.00
|l 2
|m 3
|o 005.8 HAR
|p 3010025024
|q 2026-06-02
|r 2026-04-29
|s 2026-04-29
|t 1
|w 2012-04-19
|y BK
|